| 000 | 004130000a22001810004500 | ||
|---|---|---|---|
| 003 | LK-CoMWRAF | ||
| 008 | 230817t ||||| |||| 00| 0 eng d | ||
| 040 |
_aLK-CoMWRAF _dLK-CoMWRAF _eLK-CoMWRAF |
||
| 041 | _aeng | ||
| 082 |
_a750 _bJAM |
||
| 100 | _aJameel, S.H.M | ||
| 245 |
_aSuvadi Attupadai _b |
||
| 260 |
_aKalmunai _bIBPC _c1995 |
||
| 300 | _ap.96 | ||
| 490 | _aVol-2 | ||
| 650 | _aMuslims | ||
| 942 | _cBK | ||
| 999 |
_c2708 _d2708 |
||